Asphalt binder testing : (Record no. 1542)

000 -LEADER
fixed length control field 00574 a2200169 4500
020 ## - INTERNATIONAL STANDARD BOOK NUMBER
International Standard Book Number 1934154261
020 ## - INTERNATIONAL STANDARD BOOK NUMBER
International Standard Book Number 9781934154267
082 ## - DEWEY DECIMAL CLASSIFICATION NUMBER
Classification number 625.85 ASP
082 04 - DEWEY DECIMAL CLASSIFICATION NUMBER
Classification number 625.85
Author Mark ASP
245 ## - TITLE STATEMENT
Title Asphalt binder testing :
Remainder of title technician's manual for specification testing of asphalt binders.
250 ## - EDITION STATEMENT
Edition statement 1st ed.
260 ## - PUBLICATION, DISTRIBUTION, ETC.
Place of publication, distribution, etc. [Lexington, Ky.] :
Name of publisher, distributor, etc. Asphalt Institute,
Date of publication, distribution, etc. 2007.
300 ## - PHYSICAL DESCRIPTION
Extent xii, 137 p. :
Other physical details ill. ;
Dimensions 28 cm.
650 ## - SUBJECT ADDED ENTRY--TOPICAL TERM
Topical term or geographic name entry element Binders (Materials)
General subdivision Testing
650 ## - SUBJECT ADDED ENTRY--TOPICAL TERM
Topical term or geographic name entry element Asphalt
General subdivision Additives
-- Testing
650 ## - SUBJECT ADDED ENTRY--TOPICAL TERM
Topical term or geographic name entry element Pavements, Asphalt
General subdivision Additives
-- Testing
830 #0 - SERIES ADDED ENTRY--UNIFORM TITLE
Uniform title Manual series (Asphalt Institute) ;
Holdings
Withdrawn status Lost status Damaged status Not for loan Permanent Location Current Location Shelving location Total Checkouts Full call number Barcode Date last seen Price effective from Koha item type Date acquired
        Central Library (CL) Central Library (CL)     625.85 ASP NIT-2451 01/05/2017 01/05/2017 Book  
        School of Civil and Environmental Engineering (SCEE) School of Civil and Environmental Engineering (SCEE)       NIT-2453 01/05/2017 01/05/2017 Book  
        School of Civil and Environmental Engineering (SCEE) School of Civil and Environmental Engineering (SCEE)       NIT-5176 01/05/2017 01/05/2017 Book  
© 2023 Central Library, National University of Sciences and Technology. All Rights Reserved.